000 00641nam a2200217Ia 4500
001 10161
003 GE_BSU
008 181216s||||||||xx |||||||||||||| ||und||
040 _cGE_BSU
080 _a821.353.1–31
100 _aსულიაშვილი,დავით
245 _aმშობლიური მიწა
245 _bრომანი
245 _cრედ. ნიკო მშველიძე
260 _aთბილისი
260 _bსაბჭ.მწერალი
260 _c1949
300 _a141გვ.15სმ.
653 _aმშობლიური მიწა
942 _cBK
999 _c43431
_d43431